[Event "Dortmund op-A"]
[Site "Dortmund"]
[Date "1992.??.??"]
[Round "9"]
[White "Krasenkow, Michal"]
[Black "Leko, Peter"]
[Result "1-0"]
[WhiteElo "2495"]
[BlackElo "2385"]

1.Nf3 Nf6 2.c4 g6 3.Nc3 d5 4.cxd5 Nxd5 5.g3 Bg7 6.Bg2 Nc6 7.O-O Nb6 8.d3 O-O
9.Be3 e5 10.Qc1 Re8 11.Bh6 Bh8 12.Ne4 Nd4 13.Re1 Nxf3+ 14.Bxf3 c6 15.b4 Qe7
16.Rb1 Be6 17.a3 Bd5 18.Qc5 Na4 19.Qc2 Nb6 20.Qc5 Na4 21.Qxe7 Rxe7 22.Bg5 Re6
23.Rec1 f6 24.Be3 Re7 25.b5 f5 26.Bg5 Rf7 27.Nd6 Rd7 28.Nxb7 cxb5 29.Bxd5+ Rxd5
30.Rc7 Bg7 31.Rbc1 Nb6 32.Nc5 Rc8 33.Ne6 Rxc7 34.Rxc7 Rd7 35.Be3 Rxc7 36.Nxc7 Na4
37.Nxb5 a6 38.Nd6 Nc3 39.Kf1 a5 40.Ke1 a4 41.Kd2 Nd5 42.Bc5  1-0

[Event "Dortmund op-A"]
[Site "Dortmund"]
[Date "1992.??.??"]
[Round "10"]
[White "Zysk, Robert"]
[Black "Krasenkow, Michal"]
[Result "1/2-1/2"]
[WhiteElo "2390"]
[BlackElo "2495"]

1.d4 Nf6 2.Nf3 g6 3.c4 Bg7 4.Nc3 O-O 5.e4 c6 6.e5 Ne8 7.Be2 d6 8.O-O dxe5
9.dxe5 Qxd1 10.Rxd1 Nc7 11.Bf4 Ne6 12.Bg3 Nd7 13.Re1 a5 14.b3 Ndc5 15.Rad1 g5
16.Bf1 h6 17.h4 g4 18.Nd4 Nxd4 19.Rxd4 Bf5 20.h5 Rfd8 21.Rdd1 Kf8 22.f4 gxf3
23.gxf3 Ke8 24.Kf2 f6 25.Bf4 Ne6 26.Bg3 Kf7 27.exf6 Bxf6 28.Ne4 Bd4+ 29.Kg2 Rg8
30.Kh2 c5 31.Bh3 Bxh3 32.Kxh3 Ng7 33.Bf2 Ne6 34.Bg3 a4 35.Re2 axb3 36.axb3 Ra3
37.Rb1 Ng7 38.Kg4 e6 39.Nd6+ Ke7 40.Kh3 Nxh5 41.Bh2 Rf8 42.Nb5 Ra6 43.Nxd4 cxd4
44.Kg4 Rf5 45.Rd1 Ra8 46.f4 Rd8 47.Rd3 Nf6+ 48.Kf3 Rh5 49.Bg3 Rg8 50.Re5 Rh1
51.Rb5 Nh5 52.Rxb7+ Kf6 53.Bf2 Rh3+  1/2-1/2

[Event "Hamburg op"]
[Site "Hamburg"]
[Date "1992.??.??"]
[Round "3"]
[White "Krasenkow, Michal"]
[Black "Panzer, Peter"]
[Result "1-0"]
[WhiteElo "2555"]
[BlackElo "2340"]

1.d4 Nf6 2.c4 g6 3.Nc3 Bg7 4.e4 d6 5.Nf3 O-O 6.h3 e5 7.d5 Na6 8.Bg5 h6 9.Be3 Nh7
10.h4 h5 11.Ng5 c6 12.Be2 cxd5 13.Nxd5 Nc5 14.Bxh5 Nxg5 15.hxg5 Nxe4 16.Bg4 Nxg5
17.Bxc8 Rxc8 18.Qg4 Ne6 19.Qh3 f5 20.Qh7+ Kf7 21.Rh6 Re8 22.Qxg6+ Kg8 23.Qh7+ Kf7
24.Qxf5+ Kg8 25.Rxe6  1-0

[Event "Hamburg op"]
[Site "Hamburg"]
[Date "1992.??.??"]
[Round "4"]
[White "Maiwald, Jens Uwe"]
[Black "Krasenkow, Michal"]
[Result "0-1"]
[WhiteElo "2375"]
[BlackElo "2555"]

1.d4 Nf6 2.c4 c5 3.d5 e5 4.Nc3 d6 5.e4 Be7 6.g3 O-O 7.Bg2 Ne8 8.Nge2 Nd7
9.O-O a6 10.a4 b6 11.Rb1 Nc7 12.Be3 Rb8 13.b4 cxb4 14.Rxb4 a5 15.Rb2 Na6
16.Nb5 Ndc5 17.Nec3 Bd7 18.f4 Nb4 19.fxe5 dxe5 20.Qh5 Bxb5 21.Nxb5 Ncd3 22.Rd2 Bd6
23.Bh3 Rb7 24.Rf5 g6 25.Qh6 Bc5 26.Bxc5 Nxc5 27.Rxe5 Nbd3 28.Rxd3 Nxd3 29.Rg5 Qe7
30.Qh4 Qc5+  0-1

[Event "Hamburg op"]
[Site "Hamburg"]
[Date "1992.??.??"]
[Round "8"]
[White "Jansa, Vlastimil"]
[Black "Krasenkow, Michal"]
[Result "1-0"]
[WhiteElo "2455"]
[BlackElo "2555"]

1.e4 c5 2.Nf3 e6 3.g3 Nf6 4.e5 Nd5 5.Bg2 Nc6 6.O-O d6 7.exd6 Bxd6 8.d4 O-O
9.c4 Nde7 10.Nc3 cxd4 11.Nxd4 Be5 12.Nxc6 Nxc6 13.Be3 Bd7 14.Bc5 Re8 15.Nb5 Na5
16.Qe2 Qc8 17.Qxe5 Nxc4 18.Nxa7 Nxe5 19.Nxc8 Raxc8 20.Bd4 Nc6 21.Bc3 e5 22.Rfd1 Bg4
23.Rd5 Red8 24.Rxd8+ Rxd8 25.a4 Rd7 26.h3 Be6 27.Re1 f6 28.a5 Bd5 29.Rd1 Nd4
30.Bxd4 Bxg2 31.Kxg2 exd4 32.Kf3 Rd5 33.b4 d3 34.Ke3 Rb5 35.Rb1 Rd5 36.Ke4 Rd8
37.Rd1 d2 38.Ke3 Re8+ 39.Kxd2 Kf7 40.Kc3 Rc8+ 41.Kb3 Ke6 42.Rd2  1-0

[Event "Hamburg op"]
[Site "Hamburg"]
[Date "1992.??.??"]
[Round "9"]
[White "Krasenkow, Michal"]
[Black "Heinemann, Thies"]
[Result "1-0"]
[WhiteElo "2555"]
[BlackElo "2385"]

1.Nf3 d6 2.d4 Nf6 3.c4 c5 4.Nc3 cxd4 5.Nxd4 e6 6.g3 Be7 7.Bg2 a6 8.O-O O-O
9.b3 Qb6 10.Be3 Qc7 11.Rc1 Bd7 12.h3 Nc6 13.Nd5 exd5 14.cxd5 Nxd5 15.Bxd5 Qa5
16.Nxc6 bxc6 17.Bg2 Rfb8 18.Rxc6 Bxc6 19.Bxc6 Qxa2 20.Qd5 Rb5 21.Bxb5 axb5
22.Qxb5 Ra3 23.Rc1 Bf8 24.Rc8 h5 25.Qe8 Rxb3 26.Qxf8+ Kh7 27.Qxd6 Qxe2 28.Qd5  1-0

[Event "Katowice op"]
[Site "Katowice"]
[Date "1992.??.??"]
[Round "2"]
[White "Krasenkow, Michal"]
[Black "Volzhin, Alexander"]
[Result "1-0"]
[WhiteElo "2495"]
[BlackElo "2370"]

1.d4 d5 2.c4 e6 3.Nc3 c6 4.Nf3 dxc4 5.e3 b5 6.a4 Bb4 7.Bd2 a5 8.axb5 Bxc3
9.Bxc3 cxb5 10.b3 Bb7 11.bxc4 b4 12.Bb2 Nf6 13.Bd3 Nbd7 14.Qc2 O-O 15.O-O Qc7
16.c5 h6 17.e4 e5 18.Rfc1 Rfc8 19.dxe5 Nh5 20.Bd4 Nf4 21.Bc4 Qc6 22.Be3 Nxg2
23.Kxg2 Qg6+ 24.Kf1 Bxe4 25.Qd1 Rd8 26.Nh4 Qh7 27.Qh5 Bd3+ 28.Bxd3 Qxd3+
29.Kg1 b3 30.Rd1 Qe4 31.Qf3 Nxc5 32.Bxc5 Qxh4 33.Qxb3 Qg4+ 34.Kf1 a4 35.Rxd8+ Rxd8
36.Qxa4 Qh3+ 37.Kg1  1-0

[Event "Katowice op"]
[Site "Katowice"]
[Date "1992.??.??"]
[Round "3"]
[White "Moroz, Alexander"]
[Black "Krasenkow, Michal"]
[Result "0-1"]
[WhiteElo "2410"]
[BlackElo "2495"]

1.e4 e5 2.Nf3 Nc6 3.Bb5 a6 4.Bxc6 bxc6 5.O-O Qf6 6.d4 exd4 7.e5 Qg6 8.Nxd4 Bb7
9.Ne2 h5 10.c4 O-O-O 11.Re1 Re8 12.Nbc3 Rxe5 13.Bf4 Re8 14.Qa4 Nf6 15.Qa5 d6
16.c5 Qf5 17.b4 Be7 18.Be3 Ng4 19.Ng3 Qg6 20.Bf4 Qf6 21.Nce2 Ne5 22.Qa3 g5
23.Ne4 Qg6 24.Bxe5 dxe5 25.Nd2 Rd8 26.Nc4 e4 27.Rac1 f5 28.Qb3 Bf6 29.Na5 Qg8
30.Qc2 Rd3 31.a4 Qd5 32.Nc4 f4 33.Qb1 h4 34.Kh1 h3 35.Ng1 e3 36.f3 hxg2+
37.Kxg2 g4  0-1

[Event "Katowice op"]
[Site "Katowice"]
[Date "1992.??.??"]
[Round "4"]
[White "Krasenkow, Michal"]
[Black "Blatny, Pavel"]
[Result "1-0"]
[WhiteElo "2495"]
[BlackElo "2480"]

1.Nf3 d5 2.d4 e6 3.c4 Nd7 4.Nc3 Ngf6 5.cxd5 exd5 6.Bg5 Bb4 7.e3 c5 8.Bd3 Qa5
9.Qc2 c4 10.Bf5 O-O 11.O-O Re8 12.Nd2 g6 13.Bxd7 Nxd7 14.Rae1 Nb6 15.f3 Bd7
16.Bh4 Na4 17.Ndb1 Bf8 18.e4 Nxc3 19.Nxc3 Bc6 20.e5 b5 21.a3 Qb6 22.Qf2 a5
23.f4 b4 24.f5 Ra7 25.axb4 axb4 26.fxg6 fxg6 27.e6 Bg7 28.Qf7+ Kh8 29.e7 Bxd4+
30.Kh1 Qc5 31.Bf6+ Bxf6 32.Qxf6+ Kg8 33.Qf7+ Kh8 34.Nxd5 Qxd5 35.Qf6+  1-0

[Event "Moscow rapid"]
[Site "Moscow"]
[Date "1992.??.??"]
[Round "?"]
[White "Krasenkow, Michal"]
[Black "Ivanov, Alexander"]
[Result "0-1"]
[WhiteElo "2555"]
[BlackElo "2545"]

1.d4 d5 2.c4 e6 3.Nf3 Nf6 4.g3 b6 5.Bg2 Bb7 6.Nc3 c5 7.cxd5 exd5 8.a3 Be7
9.O-O O-O 10.Bg5 Ne4 11.Bf4 Nxc3 12.bxc3 Nc6 13.dxc5 Bxc5 14.Qd3 h6 15.Rfd1 Qe7
16.Nh4 Rad8 17.Nf5 Qf6 18.h4 Rfe8 19.Nd4 Na5 20.Ra2 a6 21.a4 Re7 22.Nf5 Red7
23.g4 Qe6 24.Rc2 d4 25.cxd4 Bxg2 26.Kxg2 Rxd4 27.Nxd4 Rxd4 28.Qxd4 Bxd4 29.Rxd4 Qxg4+
30.Kf1 Qxh4 31.e3 Nb3 32.Rb4 Nc1 33.Rc8+ Kh7 34.Rxc1 Qh1+ 35.Ke2 Qxc1 36.Rd4 Qc2+
37.Kf3 f6 38.Bd6 h5 39.Kg2 Qc6+ 40.Kg1 Qf3 41.Be7 b5 42.axb5 axb5 43.Bd6 g5
44.Be7 h4  0-1

[Event "Moscow Tal mem"]
[Site "Moscow"]
[Date "1992.??.??"]
[Round "?"]
[White "Zvjaginsev, Vadim"]
[Black "Krasenkow, Michal"]
[Result "1/2-1/2"]
[WhiteElo "2415"]
[BlackElo "2555"]

1.d4 Nf6 2.c4 g6 3.Nc3 d5 4.Bg5 Ne4 5.Bf4 Nxc3 6.bxc3 Bg7 7.e3 c5 8.Nf3 O-O
9.cxd5 cxd4 10.cxd4 Qxd5 11.Be2 b6 12.O-O Bb7 13.Rc1 Nc6 14.Bc4 Qh5 15.Ne5 Qxd1
16.Rfxd1 Nxe5 17.dxe5 Rac8 18.e6 Bb2 19.exf7+ Kg7 20.Rc2 Be4 21.Rxb2 Rxc4
22.f3 Bc6 23.Rd4 Rc5 24.Rd3 Rxf7 25.Bb8 e5 26.Ra3 e4 27.f4 g5 28.g3 gxf4
29.gxf4 Rc1+ 30.Kf2 Kf6 31.Bxa7 Rg7 32.Bxb6 Rgg1 33.Bd4+ Ke6 34.Rb6 Rcf1+
35.Ke2 Rc1 36.Kf2  1/2-1/2

[Event "Moscow ZSKS"]
[Site "Moscow"]
[Date "1992.??.??"]
[Round "?"]
[White "Zhelesny, Stanislav"]
[Black "Krasenkow, Michal"]
[Result "0-1"]
[WhiteElo "2260"]
[BlackElo "2495"]

1.Nf3 Nf6 2.c4 e6 3.g3 a6 4.Bg2 b5 5.d3 Bb7 6.O-O c5 7.e4 d6 8.cxb5 axb5
9.Nc3 Qb6 10.Be3 Ng4 11.Qb3 Bc6 12.a4 Nxe3 13.fxe3 c4 14.dxc4 Qxe3+ 15.Kh1 bxa4
16.Qc2 Be7 17.Nd5 Qa7 18.Nxe7 Qxe7 19.Nd4 O-O 20.e5 Bxg2+ 21.Qxg2 Ra6 22.exd6 Qxd6
23.Nb5 Qb4 24.Rac1 Rc6 25.Na3 Rd6 26.Rc2 Nd7 27.Nb5 Rd3 28.Na7 Qc5 29.Nb5 Ne5
30.Nc3 Qxc4 31.Ra1 Rfd8 32.h3 Nf3 33.Rf2 a3 34.Rxf3 axb2 35.Ra8 Rxa8 36.Rxd3 Ra1+
37.Rd1 Qxc3 38.Kh2 g6  0-1

[Event "Moscow ZSKS"]
[Site "Moscow"]
[Date "1992.??.??"]
[Round "?"]
[White "Krasenkow, Michal"]
[Black "Zaitsev, Igor A"]
[Result "1-0"]
[WhiteElo "2495"]
[BlackElo "2425"]

1.d4 Nf6 2.c4 g6 3.Nc3 d6 4.e4 Bg7 5.Nf3 O-O 6.h3 e5 7.d5 Nbd7 8.Bg5 h6 9.Be3 Nc5
10.Nd2 c6 11.b4 Na6 12.Qb3 Nh5 13.O-O-O Bd7 14.dxc6 bxc6 15.c5 Nc7 16.cxd6 Ne6
17.Na4 a5 18.Nb6 axb4 19.Nxa8 Qxa8 20.Nc4 Nd4 21.Bxd4 exd4 22.Nb6 Qa7 23.Nxd7 Qxd7
24.Qxb4 Qa7 25.Rd3 Qxa2 26.Ra3 Qxf2 27.Rf3 Qh4 28.Bc4 Qg5+ 29.Kb1 Kh7 30.d7 Qxg2
31.Rhf1 d3 32.Bxd3 Ra8 33.e5 Bxe5 34.R3f2 Qd5 35.Qc4 Qa5 36.Qxf7+ Kh8 37.Qe8+  1-0

[Event "Moscow ZSKS"]
[Site "Moscow"]
[Date "1992.??.??"]
[Round "?"]
[White "Krasenkow, Michal"]
[Black "Moskalenko, Viktor"]
[Result "1-0"]
[WhiteElo "2495"]
[BlackElo "2505"]

1.d4 Nf6 2.c4 c5 3.d5 g6 4.Nc3 Bg7 5.e4 d6 6.h3 O-O 7.Nf3 e6 8.Bd3 exd5 9.cxd5 Na6
10.O-O Nc7 11.Re1 a6 12.a4 Rb8 13.Bf1 b5 14.e5 dxe5 15.Nxe5 Bb7 16.d6 Ncd5
17.axb5 Nxc3 18.bxc3 axb5 19.Bg5 h6 20.Bxf6 Bxf6 21.Bxb5 Bxg2 22.Kxg2 Rxb5
23.Qd5 Kg7 24.Nc6 Qb6 25.c4 Rb2 26.d7 Rd2 27.Qxd2 Qxc6+ 28.Kg1 Rd8 29.Ra7 Bd4
30.Qf4 Rxd7 31.Re7 Rxe7 32.Rxe7 Qf6 33.Qxf6+ Kxf6 34.Rd7 Ke6 35.Rd5  1-0

[Event "Moscow ZSKS"]
[Site "Moscow"]
[Date "1992.??.??"]
[Round "?"]
[White "Krasenkow, Michal"]
[Black "Kharitonov, Andrei Y"]
[Result "1/2-1/2"]
[WhiteElo "2495"]
[BlackElo "2505"]

1.d4 Nf6 2.c4 e6 3.g3 Bb4+ 4.Bd2 Be7 5.Bg2 d5 6.Nf3 O-O 7.O-O c6 8.Qc2 b6
9.Bg5 Nbd7 10.Nbd2 Bb7 11.e4 c5 12.exd5 exd5 13.Rad1 Rc8 14.Qf5 dxc4 15.Nxc4 cxd4
16.Rxd4  1/2-1/2

[Event "Slupsk op"]
[Site "Slupsk"]
[Date "1992.??.??"]
[Round "?"]
[White "Krasenkow, Michal"]
[Black "Dawidow, Jacek"]
[Result "1-0"]
[WhiteElo "2555"]
[BlackElo "2375"]

1.d4 d5 2.c4 c6 3.Nc3 Nf6 4.e3 g6 5.Nf3 Bg7 6.Be2 O-O 7.O-O dxc4 8.Bxc4 Bg4
9.h3 Bxf3 10.Qxf3 Nbd7 11.Rd1 Qc8 12.e4 e5 13.Be3 b5 14.Bb3 Qb7 15.Rd2 exd4
16.Bxd4 c5 17.Bd5 Nxd5 18.Bxg7 Kxg7 19.Nxd5 f6 20.Rad1 Rf7 21.h4 Nb6 22.h5 Nxd5
23.Rxd5 Re8 24.Qh3 gxh5 25.f3 c4 26.Qxh5 b4 27.Rb5 Qc7 28.Rc5 Qb6 29.Kh1 c3
30.bxc3 bxc3 31.Qg4+ Kf8 32.Rxc3 f5 33.exf5 Qh6+ 34.Kg1 Qb6+ 35.Kf1 Qa5 36.Qd4 Qa6+
37.Kg1 Qb6 38.Qxb6 axb6 39.Rd5 Re2 40.a3 Rb2 41.Kh2 Kg7 42.Kh3 Kf6 43.g4 Ra7
44.f4 Ra4 45.g5+ Ke7 46.Rc7+ Ke8 47.f6 Rxf4 48.Re7+  1-0

[Event "Slupsk op"]
[Site "Slupsk"]
[Date "1992.??.??"]
[Round "?"]
[White "Gleizerov, Evgeny"]
[Black "Krasenkow, Michal"]
[Result "1/2-1/2"]
[WhiteElo "2540"]
[BlackElo "2555"]

1.d4 Nf6 2.c4 e6 3.g3 d5 4.Bg2 dxc4 5.Nf3 Nc6 6.O-O Rb8 7.a4 b6 8.Na3 Na5
9.Ne5 Bb7 10.Bxb7 Rxb7 11.Naxc4 Nxc4 12.Nxc4 c5 13.dxc5 Bxc5 14.Qxd8+ Kxd8
15.a5 Ke7 16.Bf4 Nd5 17.axb6  1/2-1/2

[Event "Slupsk op"]
[Site "Slupsk"]
[Date "1992.??.??"]
[Round "?"]
[White "Krasenkow, Michal"]
[Black "Urban, Klaudiusz"]
[Result "0-1"]
[WhiteElo "2555"]
[BlackElo "2455"]

1.Nf3 Nf6 2.c4 g6 3.Nc3 Bg7 4.e4 d6 5.d4 O-O 6.h3 Na6 7.Bg5 c5 8.d5 Nc7 9.Bd3 e6
10.O-O h6 11.Bh4 Re8 12.Nd2 exd5 13.exd5 b5 14.cxb5 Bb7 15.Bc4 Qd7 16.Nb3 Ne4
17.Na5 Nxc3 18.bxc3 Bxc3 19.Nxb7 Bxa1 20.Qxa1 Re4 21.Nxd6 Rxh4 22.Qf6 Rd4
23.Re1 Ne8 24.Nxe8 Rxe8 25.Rxe8+ Qxe8 26.Bb3 Re4 27.d6 c4 28.Bxc4 Rxc4  0-1

[Event "Voskresensk"]
[Site "Voskresensk"]
[Date "1992.??.??"]
[Round "?"]
[White "Tseshkovsky, Vitaly"]
[Black "Krasenkow, Michal"]
[Result "1/2-1/2"]
[WhiteElo "2510"]
[BlackElo "2555"]

1.e4 c5 2.Nf3 Nc6 3.d4 cxd4 4.Nxd4 Nf6 5.Nc3 e5 6.Ndb5 d6 7.Bg5 a6 8.Na3 b5
9.Bxf6 gxf6 10.Nd5 f5 11.Bd3 Be6 12.O-O Bxd5 13.exd5 Ne7 14.c3 Bg7 15.Qh5 e4
16.Bc2 Qc8 17.Rae1 O-O 18.Kh1 b4 19.cxb4 Bxb2 20.Re3 f6 21.g4 Bxa3 22.gxf5 Rf7
23.Rg1+ Rg7 24.Rxg7+ Kxg7 25.Rxa3 Qxc2 26.Rg3+ Ng6 27.fxg6 h6 28.Qf5 Ra7
29.Kg2 Re7 30.a3 Qc7 31.h4 Re5 32.Qf4 Qc4 33.Qe3 Re7 34.Qd2 Re5 35.Qe3  1/2-1/2

[Event "Voskresensk"]
[Site "Voskresensk"]
[Date "1992.??.??"]
[Round "?"]
[White "Krasenkow, Michal"]
[Black "Iuldachev, Saidali"]
[Result "1/2-1/2"]
[WhiteElo "2555"]
[BlackElo "2370"]

1.d4 d5 2.c4 e6 3.Nf3 c5 4.cxd5 exd5 5.g3 Nc6 6.Bg2 Nf6 7.O-O Be7 8.Nc3 O-O
9.Bg5 cxd4 10.Nxd4 h6 11.Be3 Re8 12.Qb3 Na5 13.Qc2 b6 14.Rfd1 Bc5 15.Nf5 Re5
16.Nd4 Rxe3 17.fxe3 Nc4 18.Nxd5 Nxd5 19.Qxc4 Nxe3 20.Qd3 Nxd1 21.Rxd1 Rb8
22.b4 Bxd4+ 23.Qxd4 Qxd4+ 24.Rxd4 Be6 25.a4 Kf8 26.Kf2 Rc8 27.Be4 Ke7 28.Bd3 Rc1
29.a5 bxa5 30.bxa5 Rc5 31.a6 Rc6 32.Rb4 Bc8 33.Rb8 Bxa6 34.Ra8 Bxd3 35.Rxa7+ Ke6
36.exd3 Rc2+ 37.Kg1  1/2-1/2

[Event "Voskresensk"]
[Site "Voskresensk"]
[Date "1992.??.??"]
[Round "?"]
[White "Krasenkow, Michal"]
[Black "Anastasian, Ashot"]
[Result "1/2-1/2"]
[WhiteElo "2555"]
[BlackElo "2490"]

1.e4 c5 2.Nc3 Nc6 3.g3 g6 4.Bg2 Bg7 5.d3 e5 6.f4 d6 7.Nh3 Bxh3 8.Bxh3 exf4
9.Bxf4 Nge7 10.O-O O-O 11.Qd2 d5 12.Bg5 dxe4 13.Nxe4 f5 14.Nc3 Qd4+ 15.Be3 Qb4
16.Rab1 Rad8 17.a3 Qa5 18.Bg2 c4 19.Kh1 cxd3 20.cxd3 Rd7 21.Rbd1 Nd4 22.Bg5 Nec6
23.Qe3 Qe5 24.Qf2 Qc5 25.Ne2 Nb3 26.d4 Ncxd4 27.Nxd4 Nxd4 28.Rd3 Bf6 29.Be3 Rfd8
30.Rfd1 h5 31.Qf4 Bg7 32.Qf2 b6 33.b4 Qc4 34.Bg5 Re8 35.Be3  1/2-1/2

[Event "Wisla BES op"]
[Site "Wisla"]
[Date "1992.??.??"]
[Round "2"]
[White "Krasenkow, Michal"]
[Black "Jaracz, Pawel"]
[Result "1/2-1/2"]
[WhiteElo "2495"]
[BlackElo "2245"]

1.Nf3 g6 2.e4 Bg7 3.d4 d6 4.c3 Nf6 5.Bd3 O-O 6.Na3 Nbd7 7.O-O e5 8.dxe5 dxe5
9.b4 Re8 10.Nc4 Nh5 11.g3 Nb6 12.Nxb6 axb6 13.Bc4 Be6 14.Qe2 Qe7 15.Rd1 Nf6
16.Bg5 h6 17.Bxf6 Bxf6 18.a4 Kg7 19.Nd2 h5 20.Bxe6 Qxe6 21.Qc4 h4 22.Qxc7 hxg3
23.fxg3 Rac8 24.Qxb7 Rxc3 25.Rac1 Rxc1 26.Rxc1 Bg5 27.Rc2 Rd8 28.Nf1 Rd4
29.a5 Qb3 30.Qc6 Rxb4 31.axb6  1/2-1/2

[Event "Baden-Baden op"]
[Site "Baden-Baden"]
[Date "1993.??.??"]
[Round "3"]
[White "Lentrodt, Thomas"]
[Black "Krasenkow, Michal"]
[Result "1/2-1/2"]
[WhiteElo "2320"]
[BlackElo "2595"]

1.d4 g6 2.c4 Bg7 3.Nc3 Nf6 4.e4 O-O 5.Nf3 c6 6.Be2 d5 7.cxd5 cxd5 8.e5 Ne4
9.O-O Nc6 10.Be3 Bg4 11.Rc1 e6 12.h3 Bxf3 13.Bxf3 Nxc3 14.Rxc3 Rc8 15.Qa4 Qh4
16.Bg4 h5 17.g3 Qe7 18.Be2 h4 19.g4 f6 20.f4 g5 21.exf6 Bxf6 22.Qd1 Qg7 23.Rd3 Nb4
24.Rd2 gxf4 25.Bxf4 Nxa2 26.Kg2 Rc1 27.Qa4 Rxf1 28.Bxf1 Bg5 29.Bxg5 Qxg5
30.Rf2 Rxf2+ 31.Kxf2 Qf4+ 32.Kg2 Qe4+ 33.Kh2 Qe3 34.Kg2 Qe4+ 35.Kh2 Qe3 36.Kg2  1/2-1/2

[Event "Baden-Baden op"]
[Site "Baden-Baden"]
[Date "1993.??.??"]
[Round "4"]
[White "Krasenkow, Michal"]
[Black "Chatalbashev, Boris"]
[Result "1/2-1/2"]
[WhiteElo "2595"]
[BlackElo "2380"]

1.d4 d5 2.c4 Bf5 3.cxd5 Bxb1 4.Qa4+ c6 5.Rxb1 Qxd5 6.Nf3 Nd7 7.b4 e5 8.b5 Nb6
9.Qb3 e4 10.Nd2 Nf6 11.bxc6 bxc6 12.e3 Bd6 13.Nc4 Nxc4 14.Bxc4 Qh5 15.Ba3 Rb8
16.Bxf7+ Qxf7 17.Qxb8+ Bxb8 18.Rxb8+ Kd7 19.Rb7+ Ke6 20.Rxf7 Kxf7 21.Kd2 Rb8
22.Rc1 Rb6 23.Rc2 Ke6 24.f3 g5 25.Bc1 g4 26.Ke2 Kd6 27.Rc5 Rb1 28.Ba3 Kc7
29.fxe4 Nxe4 30.Rh5 Ra1 31.Rxh7+ Kb6 32.Kd3 Rxa2 33.Kxe4 Rxa3 34.Rg7 a5 35.Rxg4 a4
36.h4 Ra1 37.Rg8 Rh1 38.Rb8+ Ka5 39.g3 a3 40.Ra8+ Kb4 41.Ra6 Kb3 42.Rb6+ Ka4
43.Rxc6 a2 44.Ra6+ Kb3 45.Kf5 a1=Q 46.Rxa1 Rxa1 47.g4 Rh1 48.h5 Kc4 49.Kg6 Kd3
50.h6 Kxe3 51.g5 Ke4 52.Kg7 Kf5 53.g6 Rg1 54.h7  1/2-1/2

[Event "Baden-Baden op"]
[Site "Baden-Baden"]
[Date "1993.??.??"]
[Round "6"]
[White "Krasenkow, Michal"]
[Black "Jonsson, Hans"]
[Result "0-1"]
[WhiteElo "2595"]
[BlackElo "2345"]

1.d4 Nf6 2.c4 g6 3.Nc3 Bg7 4.e4 d6 5.Nf3 O-O 6.h3 e5 7.d5 a5 8.Bg5 Na6 9.Nd2 h6
10.Be3 Nh7 11.g4 f5 12.gxf5 gxf5 13.exf5 Bxf5 14.Qh5 Qe8 15.Qh4 Qg6 16.Be2 Nb4
17.Nde4 Bxe4 18.Qxe4 Qxe4 19.Nxe4 Nc2+ 20.Kd2 Nxa1 21.Rxa1 Nf6 22.Ng3 c6
23.Rg1 cxd5 24.cxd5 Kh8 25.Bf3 e4 26.Nf5 exf3 27.Nxg7 Kh7 28.Bd4 Nxd5 29.Re1 Rg8
30.Nf5 Rae8  0-1

[Event "Baden-Baden op"]
[Site "Baden-Baden"]
[Date "1993.??.??"]
[Round "7"]
[White "Metz, Hartmut"]
[Black "Krasenkow, Michal"]
[Result "0-1"]
[WhiteElo "2275"]
[BlackElo "2595"]

1.e4 g6 2.d4 Bg7 3.Nf3 d6 4.h3 Nf6 5.Nc3 O-O 6.Be3 c6 7.a4 a5 8.Be2 Na6 9.O-O Qc7
10.Qd2 Nb4 11.Bh6 Rd8 12.Bxg7 Kxg7 13.Rad1 b6 14.Rfe1 Bb7 15.Bc4 e6 16.Qe2 d5
17.e5 Ng8 18.Bd3 Nxd3 19.Qxd3 Ba6 20.Qd2 c5 21.Ne2 Bxe2 22.Rxe2 Qd7 23.Ra1 Rdc8
24.c3 Rc7 25.g4 h6 26.Ne1 Qd8 27.f4 cxd4 28.cxd4 Rac8 29.Ng2 Qd7 30.Ne3 f5
31.Kh1 Ne7 32.Rg2 Kf7 33.Kh2 Rh8 34.b4 Qc6 35.bxa5 bxa5 36.Qxa5 Qc3 37.Qxc3 Rxc3
38.Re2 Rb8 39.gxf5 gxf5 40.Ng2 Nc6 41.a5 Nxd4 42.Rea2 Nf3+ 43.Kh1 Rg8 44.Ne1  0-1

[Event "Baden-Baden op"]
[Site "Baden-Baden"]
[Date "1993.??.??"]
[Round "9"]
[White "Obodchuk, Andrei"]
[Black "Krasenkow, Michal"]
[Result "1/2-1/2"]
[WhiteElo "2385"]
[BlackElo "2595"]

1.d4 d5 2.c4 e6 3.Nc3 c6 4.e3 f5 5.f4 Nf6 6.Nf3 Be7 7.Be2 Ne4 8.O-O Nd7 9.cxd5 exd5
10.Ne5 Nxe5 11.fxe5 Be6 12.Qb3 Qb6 13.Nxe4 Qxb3 14.Nd6+ Bxd6 15.axb3 Bb4
16.Rd1 Kd7 17.Bd2 Be7 18.Ra4 h5 19.Bd3 a6 20.Raa1 h4 21.Rf1 g6 22.b4 Raf8
23.Rf3 Bg8 24.Raf1 Be6 25.R3f2 Bg8 26.Rf3 Bh7 27.Be1 Ke6 28.g3 hxg3 29.hxg3 Kd7
30.R3f2 Bg8 31.Rh2 Be6 32.Rff2 Kc7 33.Kf1 b6 34.b3 Bg5 35.Bd2 Kb7 36.Ke2 Be7
37.Bc3 Kc7 38.Kf3 Bc8 39.Ra2 Bb7 40.Rhc2 Rh1 41.Bxa6 Rfh8 42.Bd3 Kb8 43.Rf2 c5
44.bxc5 bxc5 45.Bf1 Rg1 46.Bg2 Rh2 47.Ra1 Rxa1 48.Bxa1 c4 49.Bc3 Bg5 50.Rb2 cxb3
51.Bb4 Ba6 52.Rxb3 Bc4 53.Bd6+ Kc8 54.Rb8+ Kd7 55.Rb7+ Kc6 56.Rc7+ Kb6 57.e6 Bd3
58.e7 Be4+ 59.Kf2 Rxg2+ 60.Kf1 Bxe7 61.Rxe7 Ra2 62.Be5 Kb5 63.Rc7 Kb4 64.Bf4 Bd3+
65.Kg1 Ra6 66.Kg2 Ra2+ 67.Kg1 Bc4 68.Rc6 Ra1+ 69.Kf2 Ra2+ 70.Kg1 Be2 71.Bd6+ Kb5
72.Rc5+ Kb6 73.Bc7+ Kb7 74.Bf4 Bf3 75.Kf1 Be4 76.Rc7+ Kb6 77.Rc5 Bd3+  1/2-1/2

[Event "Wichern op"]
[Site "Hamburg"]
[Date "1993.??.??"]
[Round "2"]
[White "Krasenkow, Michal"]
[Black "Buenermann, Volker"]
[Result "1-0"]
[WhiteElo "2595"]
[BlackElo "2240"]

1.d4 Nf6 2.c4 g6 3.Nc3 Bg7 4.e4 d6 5.Nf3 O-O 6.h3 e5 7.d5 c6 8.Bg5 h6 9.Be3 cxd5
10.cxd5 a6 11.a4 a5 12.Nd2 Ne8 13.g4 Nd7 14.h4 b6 15.h5 Nc5 16.Be2 f5 17.hxg6 fxg4
18.Bxg4 Nd3+ 19.Kf1 Qf6 20.Rh2 Nf4 21.Bxc8 Rxc8 22.Qg4 Rc7 23.Bxb6 Rb7 24.Nc4 Qe7
25.Bxa5 Nf6 26.Qh4 Qd7 27.f3 Nxg6 28.Qg3 Nf4 29.Ne3 N6h5 30.Qg4 Qxg4 31.Nxg4 Nd3
32.Rxh5 Rxf3+ 33.Kg2 Rf4 34.Kg3 Rxb2 35.Rg1 Nf2 36.Nxf2 Rbxf2 37.Rg2 R2f3+
38.Kh2 Kh7 39.Bb4 Bf6 40.a5 Bd8 41.Bxd6  1-0

[Event "Wichern op"]
[Site "Hamburg"]
[Date "1993.??.??"]
[Round "3"]
[White "Heinemann, Thies"]
[Black "Krasenkow, Michal"]
[Result "1-0"]
[WhiteElo "2380"]
[BlackElo "2595"]

1.e4 g6 2.d4 Bg7 3.c3 d6 4.Be3 Nf6 5.Nd2 O-O 6.f3 Nc6 7.Qc2 e5 8.d5 Ne7 9.c4 c6
10.Bd3 b5 11.dxc6 Nxc6 12.cxb5 Nb4 13.Qb3 Nxd3+ 14.Qxd3 d5 15.Ne2 a6 16.exd5 Bf5
17.Ne4 Nxd5 18.Bc5 Qa5+ 19.Kf2 Rfd8 20.Rhd1 axb5 21.a3 Qc7 22.b4 Nxb4 23.axb4  1-0

[Event "Wichern op"]
[Site "Hamburg"]
[Date "1993.??.??"]
[Round "4"]
[White "Krasenkow, Michal"]
[Black "Bobzin, Pierre"]
[Result "1/2-1/2"]
[WhiteElo "2595"]
[BlackElo "2205"]

1.e4 c6 2.d4 d5 3.Nc3 dxe4 4.Nxe4 Nf6 5.Nxf6+ exf6 6.Bc4 Qe7+ 7.Qe2 Be6 8.Bxe6 Qxe6
9.Nh3 Na6 10.Nf4 Qxe2+ 11.Kxe2 h5 12.h4 O-O-O 13.c3 Bd6 14.Kf3 Nc7 15.Be3 Ne6
16.Rae1 g6 17.Nd3 Bc7 18.g3 b6 19.b4 g5 20.Kg2 g4 21.Re2 Rd7 22.Rf1 Re8 23.Rfe1 Red8
24.Bc1 Bd6 25.f3 Rg8 26.Rf1 Bc7 27.Re3 Rdd8 28.fxg4 Rxg4 29.Nf2 Rg6 30.Rf3 f5
31.Nh3 Rdg8 32.Ng5 Nxg5 33.hxg5 f6 34.Rxf5 fxg5 35.Re1 R8g7 36.Re8+ Kd7 37.Ra8 Ke6
38.Rf3 a5 39.bxa5 bxa5 40.c4 h4 41.g4 Bf4 42.Ba3 Rd7 43.Rd3 Kf7 44.Rxa5 Re6
45.d5 Re2+ 46.Kf1 Rxa2 47.d6 Rb7 48.Bb4 Rxa5 49.Bxa5 Ke6 50.c5 Rb1+ 51.Kg2 Kd7
52.Bb6 Ra1 53.Rf3 Ra2+ 54.Kf1 Ra1+  1/2-1/2

[Event "Hastings op9394"]
[Site "Hastings"]
[Date "1993.??.??"]
[Round "?"]
[White "Howell, James C"]
[Black "Krasenkow, Michal"]
[Result "1/2-1/2"]
[WhiteElo "2470"]
[BlackElo "2560"]

1.e4 c5 2.Nf3 e6 3.d4 cxd4 4.Nxd4 Nf6 5.Nc3 Nc6 6.Nxc6 bxc6 7.e5 Nd5 8.Ne4 Qc7
9.f4 Qa5+ 10.c3 Be7 11.Bd3 Qb6 12.Qe2 Bb7 13.c4 f5 14.Nd6+ Bxd6 15.exd6 Nf6
16.Be3 Qb4+ 17.Bd2 Qxd6 18.Bxf5 c5 19.O-O-O Qc6 20.Rhg1 O-O-O 21.Bc2 d5 22.f5 exf5
23.Qe5 g6 24.Bf4 Nd7 25.Qxd5 Qxd5 26.cxd5 Nb6 27.d6 Nd5 28.Be5 Rhe8 29.Rge1 Nb4
30.Ba4 Bc6  1/2-1/2

[Event "Hastings op9394"]
[Site "Hastings"]
[Date "1993.??.??"]
[Round "?"]
[White "Krasenkow, Michal"]
[Black "Arkell, Keith C"]
[Result "1/2-1/2"]
[WhiteElo "2560"]
[BlackElo "2450"]

1.c4 c5 2.Nf3 Nf6 3.Nc3 Nc6 4.g3 g6 5.Bg2 Bg7 6.d4 cxd4 7.Nxd4 Nxd4 8.Qxd4 d6
9.O-O O-O 10.Qd3 a6 11.Bd2 Nd7 12.b3 Rb8 13.Rac1 Nc5 14.Qe3 b5 15.cxb5 axb5
16.Nd5 e6 17.Nb4 Bb7 18.Bxb7 Rxb7 19.Rfd1 Qa8 20.Qf3 Rd7 21.Bf4 Qxf3 22.exf3 Nb7
23.Rc6 Ra8 24.Rb6 Ra5 25.Nc6 Rxa2 26.Rxb5 h6 27.b4 g5 28.Be3 d5 29.Rb6 Nd6
30.b5 Nc4 31.Rb8+ Kh7 32.Bd4 Bxd4 33.Nxd4 Rb2 34.Ra1 Rc7 35.Raa8 Ne3 36.Ra1 Ra7
37.Rc1 Nc4 38.Rc2 Rb1+ 39.Kg2 h5 40.Ne2 Raa1 41.g4 hxg4 42.fxg4 Rb4 43.Ng3 Rab1
44.Ra2 Ne5 45.h3 Rxb5 46.Rxb5 Rxb5 47.Nh5 Rb8 48.Ra5 Kg6 49.Kg3 Rb3+ 50.Kg2 Nd3
51.Ra8 Nf4+ 52.Nxf4+ gxf4 53.h4 e5 54.h5+ Kg5 55.Rg8+ Kh6 56.Rh8+  1/2-1/2